000 00639nam a2200217 u 4500
005 20240802063714.0
008 121108s2010 r 000 0 eng d
020 _a9786071602008
035 _aUPN01000188274
049 _aI
050 4 _aPZ78
_bS4.6
100 1 _aSerrano Guerrero, Lucía
_933163
245 1 1 _a¡Qué niño más lento! /
_cLucía Serrano.
260 _aMéxico :
_bFCE,
_c2010.
300 _a[36] p. :
_bil. col.
440 0 _aLos especiales de a la orilla del viento
650 4 _aLibros y lectura para niños
_92290
650 4 _aLiteratura infantil mexicana
_910209
905 _aInfantil
999 _c160377
_d160377